PowerPoint advanced presentation techniques /

Bibliographic Details
Main Author: Wempen, Faithe
Format: Book
Language:English
Published: Indianapolis, IN : Wiley Pub., [2004]
Subjects:

MARC

Tag First Indicator Second Indicator Subfields
LEADER 00000cam a2200000 a 4500
001 in00002007477
005 20151031142552.0
006 m u
008 040803s2004 inua 001 0 eng d
010 |a  2004301777 
020 |a 0764568817 
035 |a (OCoLC)ocm55995389 
040 |a IG#  |c IG#  |d DLC  |d OCLCQ  |d TXA  |d UtOrBLW 
042 |a lccopycat 
049 |a TXAM 
050 0 0 |a T385  |b .W467369 2004 
082 0 0 |a 006.6  |2 22 
100 1 |a Wempen, Faithe. 
245 1 0 |a PowerPoint advanced presentation techniques /  |c Faithe Wempen. 
264 1 |a Indianapolis, IN :  |b Wiley Pub.,  |c [2004] 
264 4 |c ©2004 
300 |a xxvii, 562 pages :  |b illustrations ;  |c 24 cm. +  |e 1 CD-ROM (4 3/4 in.) 
336 |a text  |b txt  |2 rdacontent 
337 |a unmediated  |b n  |2 rdamedia 
338 |a volume  |b nc  |2 rdacarrier 
500 |a Accompanying CD-ROM includes: Paint Shop Pro and Digital Juice evaluation versions, PANTONE Office Color Assistant trial version, Snaglt and Camtasia Studio evaluation versions, plus backgrounds, images, templates, and sound effects. 
500 |a Includes index. 
650 0 |a Computer graphics. 
630 0 0 |a Microsoft PowerPoint (Computer file) 
650 0 |a Business presentations  |x Graphic methods  |x Computer programs. 
938 |a Ingram  |b INGR  |n 0764568817 
948 |a cataloged  |b h  |c 2004/11/17  |d c  |e mphillip  |f 5:31:29 pm 
994 |a C0  |b TXA 
999 |a MARS 
999 f f |s dd96c598-8120-3e5d-a999-13ac72418fec  |i 286f5c3a-9ab3-39ff-8fd1-60e236af76dd  |t 0